| 000 | 00363nam a2200133Ia 4500 | ||
|---|---|---|---|
| 008 | 230717s1999 xx 000 0 und d | ||
| 020 | _a81-87197-10-2 | ||
| 041 | _aeng | ||
| 082 |
_a345.023 23 _bRED |
||
| 100 | _aReddi M. R | ||
| 245 | _aAnti-corruption Laws And Departmental Enquiries | ||
| 250 | _a2ed. | ||
| 260 |
_aNew Delhi _bOrient Publishing Company _c1999 |
||
| 999 |
_c673548 _d673548 |
||